000 00510cam a2200205 4500
001 J61783
008 000000n2000 000 0 eng u
035 _a(Sirsi) u107168
041 _aeng
050 _a333.336
110 _aChesterton
_92357
245 _aBig sheds - Summer 2000
260 _aLondon
_bChesterton
_c2000
300 _a40p. : ill. ; 30cm.
650 _aBIG SHEDS
650 _aDISTRIBUTION BUILDINGS
650 _aWAREHOUSES
690 _aPROPERTY-COMMERCIAL PROPERTY
942 _n0
999 _c100662
_d100662